[Event "20th Dubai Open 2018"]
[Site "Dubai"]
[Date "2018.04.03"]
[Round "2"]
[White "Deepan Chakkravarthy J"]
[Black "Sultan, Ibrahim"]
[Result "1-0"]
[WhiteElo "2499"]
[BlackElo "2141"]
[Annotator "TA"]
[PlyCount "71"]
[EventDate "2018.??.??"]
[EventType "swiss"]
[EventCountry "UAE"]
[SourceTitle "playchess.com"]
[Source "ChessBase"]
[SourceQuality "1"]

{[%evp 18,71,45,35,66,61,72,81,89,85,103,114,115,114,115,110,116,110,119,111,120,99,141,102,96,82,144,22,25,27,20,44,62,33,60,56,47,49,95,66,128,113,126,113,139,100,120,120,167,115,506,535,642,603,604,495]} 1. Nf3 Nf6 2. d4 e6 3. e3 d5 4. Bd3 c5 5. O-O Nc6 6. b3 Bd6 7. Bb2 Qc7 8. c4 {D05: Colle System with ...e6} (8. dxc5 Bxc5 9. c4 dxc4 10. Bxc4 Be7 11. Nbd2 O-O 12. Rc1 a6 13. Qc2 Qb8 14. Ne4 e5 15. Nxf6+ Bxf6 {½-½ (69) Adhiban,B (2666)-Atabayev,M (2492) Doha 2016}) 8... cxd4 9. exd4 O-O 10. Re1 {LiveBook: 3 Games. White is slightly better.} Rd8 11. Nc3 a6 12. c5 Bf4 $146 ({Predecessor:} 12... Be7 13. a3 Nd7 {½-½ (34) Garnett,J (2028)-Compton,A (2046) England 2011}) 13. g3 Bh6 14. Na4 Nd7 15. Bc1 Bxc1 16. Rxc1 g6 17. Qd2 Kg7 18. Qb2 Rb8 19. h4 Nf8 20. h5 gxh5 21. Kg2 Bd7 (21... f6 $142) 22. Qd2 (22. Rh1 $1 $16) 22... f6 $1 $11 23. Nb6 Be8 $1 24. b4 {[%cal Bb3b4,Bb4b5][%mdl 32]} Bg6 25. Bb1 {[%mdl 1024] White has compensation.} Re8 26. a4 $36 {[%mdl 2048] White has the initiative.} Rbd8 27. b5 Nb8 28. Qb2 Nfd7 {[#]} ({Better is} 28... Kg8 $14) 29. Na8 $1 $16 {[%cal Ra8c7]} Qc8 30. Re3 Nf8 31. Rb3 {Strongly threatening Nb6.} Re7 32. Bxg6 hxg6 {[#]} 33. c6 $1 {[%cal Rc6c7]} ({Much less strong is} 33. Nb6 $6 Qc7 $14) 33... axb5 $2 {[%mdl 8192]} (33... bxc6 $16 {is a better chance.} 34. b6 Qd7) 34. c7 $18 {White is clearly winning.} Nbd7 {Black wants to play ...Rde8.} 35. cxd8=Q Qxd8 36. Nc7 {Precision: White = 58%, Black = 31%.} 1-0

[Event "20th Dubai Open 2018"]
[Site "Dubai"]
[Date "2018.04.03"]
[Round "2"]
[White "Christiansen, Johan-Sebastian"]
[Black "Kurbanov, Djakhongir"]
[Result "1-0"]
[WhiteElo "2498"]
[BlackElo "2078"]
[Annotator "TA"]
[PlyCount "59"]
[EventDate "2018.??.??"]
[EventType "swiss"]
[EventCountry "UAE"]
[SourceTitle "playchess.com"]
[Source "ChessBase"]
[SourceQuality "1"]

{[%evp 26,59,38,34,68,14,73,73,83,72,72,74,149,143,190,198,193,198,247,208,341,334,684,683,666,659,1101,890,29991,29992,29992,29993,29993,29994,29996,29997]} 1. e4 e5 2. Nf3 Nc6 3. Bc4 Nf6 4. d4 exd4 5. e5 d5 6. Bb5 Ne4 7. Nxd4 Bd7 8. Bxc6 bxc6 9. O-O Bc5 10. f3 Ng5 11. f4 Ne6 {C56: Two Knights: 4 d4 exd4 5 0-0 Nxe4} (11... Ne4 12. Be3 Qe7 13. Nd2 Nxd2 14. Qxd2 Bb6 15. Rae1 c5 16. Nf3 d4 17. Bf2 Bb5 18. f5 Bxf1 19. Kxf1 Qd7 20. Qg5 {0-1 (56) Kosteniuk,A (2557)-Muzychuk,M (2544) Huaian 2017}) 12. c3 f5 13. Be3 O-O 14. Nd2 {LiveBook: 6 Games} a5 15. N2f3 $146 ({Better is} 15. N2b3 $14) ({Predecessor:} 15. N2b3 Bb6 16. Qd2 Qe7 17. Nxe6 Bxe6 18. Qf2 Bxe3 19. Qxe3 a4 20. Qc5 {Stetsko-Milyutin,O corr 1958}) 15... Qb8 (15... Bb6 $11 {keeps the balance.}) 16. Qd2 $16 Qa7 17. Rae1 Bxd4 18. Nxd4 Nxd4 {[#]} ({Black should try} 18... Qa6) 19. e6 $1 ({Don't do} 19. Qxd4 Qxd4 20. Bxd4 Be6 $16) 19... Bxe6 20. Bxd4 c5 21. Bxg7 $1 ({Weaker is} 21. Rxe6 cxd4 22. cxd4 (22. Qxd4 Qxd4+ 23. cxd4 Rab8 $11) 22... c5 $14) 21... Rfe8 22. Be5 c6 (22... c4+ {might work better.} 23. Kh1 c6) 23. Re3 {Black must now prevent Rg3+.} Kf7 $2 (23... c4 24. Bd4 c5) 24. Qe2 $18 Ke7 25. Re1 Qa6 {[#] and the idea ...Qxe2 leaves Black hopeful.} 26. Bf6+ $1 {[%mdl 512]} Kf7 (26... Kxf6 27. Rxe6+) 27. Qh5+ {White mates.} Kxf6 28. Qh6+ Kf7 29. Qxh7+ Kf6 30. Rh3 {Precision: White = 86%, Black = 23%.} 1-0

[Event "20th Dubai Open 2018"]
[Site "Dubai"]
[Date "2018.04.03"]
[Round "2"]
[White "Karthikeyan, P.."]
[Black "Mahitosh Dey"]
[Result "1-0"]
[WhiteElo "2481"]
[BlackElo "1913"]
[Annotator "TA"]
[PlyCount "77"]
[EventDate "2018.??.??"]
[EventType "swiss"]
[EventCountry "UAE"]
[SourceTitle "playchess.com"]
[Source "ChessBase"]
[SourceQuality "1"]

{[%evp 26,77,16,9,8,15,20,0,64,9,33,31,15,19,14,0,39,53,70,33,58,40,138,137,162,152,169,168,172,166,168,169,423,435,763,763,763,763,917,900,3081,1289,1288,1295,1281,1256,1186,1169,1112,1111,1066,1065,984,910]} 1. e4 e5 2. Nf3 Nc6 3. Bb5 a6 4. Ba4 Nf6 5. O-O b5 6. Bb3 Bb7 7. Re1 Bc5 8. c3 d6 9. d4 Bb6 10. Bg5 h6 11. Bxf6 {C78: Ruy Lopez: Archangelsk and Möller Defences} Qxf6 12. Bd5 O-O 13. Na3 Rab8 14. Nc2 {LiveBook: 3 Games} Ne7 15. Bxb7 Rxb7 16. a4 Ng6 $146 (16... c5 $11) ({Find the theoretical novelty and annotate with similar games:} 16... c6 17. axb5 axb5 18. Ra6 {½-½ (52) Melia,S (2475)-Pogonina,N (2479) Tromsoe 2014}) 17. g3 ({White should play} 17. Ne3 $14) 17... c5 18. axb5 axb5 19. dxc5 dxc5 20. Ne3 Rd8 21. Nd5 $36 {[%mdl 2048] White fights for an advantage.} Qd6 22. c4 Ne7 23. b3 f6 (23... bxc4 $14 24. bxc4 Bc7) 24. Nh4 $16 Nxd5 25. exd5 Qd7 26. Ra6 bxc4 27. bxc4 Bc7 28. Qh5 Rb4 $2 {[#]} (28... Bd6 {is a better defense.} 29. Nf5 Bf8) 29. Nf5 $18 {White is clearly winning.} Rxc4 (29... Bb6 $142 30. Qg6 Kf8) 30. Re6 Kf8 31. Qg6 ({Weaker is} 31. Re7 Qxe7 32. Nxe7 Kxe7 $16) 31... Qf7 32. Qh7 Rb4 {[#]} 33. Nxh6 $1 {[%mdl 512]} gxh6 34. Qh8+ Qg8 35. Qxh6+ Qg7 36. Rxf6+ Kg8 37. Rg6 Qxg6 38. Qxg6+ Kf8 39. Re3 {Precision: White = 66%, Black = 35%.} 1-0

[Event "20th Dubai Open 2018"]
[Site "Dubai"]
[Date "2018.04.03"]
[Round "2"]
[White "Karthik Venkataraman"]
[Black "Mosallam, Mohammad"]
[Result "1-0"]
[WhiteElo "2470"]
[BlackElo "1624"]
[Annotator "TA"]
[PlyCount "43"]
[EventDate "2018.??.??"]
[EventType "swiss"]
[EventCountry "UAE"]
[SourceTitle "playchess.com"]
[Source "ChessBase"]
[SourceQuality "1"]

{[%evp 20,43,66,52,67,61,148,136,282,248,495,477,434,349,338,321,396,378,779,729,29988,29989,29989,29990,29996,29997]} 1. e4 e5 2. Nf3 Nc6 3. Bb5 {[%cal Bf1b5,Bb5a4,Ba4b3][%mdl 32]} a6 4. Ba4 d6 5. O-O Bd7 6. d4 b5 7. Bb3 Nxd4 8. Nxd4 exd4 9. c3 dxc3 10. Qh5 Qf6 {C72: Ruy Lopez: Deferred Steinitz: 5 0-0} (10... g6 11. Qd5 Be6 12. Qc6+ Bd7 13. Qxc3 Nf6 14. e5 dxe5 15. Qxe5+ Qe7 16. Qxc7 Bg7 17. Nc3 b4 18. Bg5 {½-½ (48) Kokarev,D (2616)-Vavulin,M (2575) Moscow 2018}) 11. Nxc3 {LiveBook: 6 Games} Qg6 12. Qf3 $146 {[%mdl 1024] White has compensation.} ({Predecessor:} 12. Qe2 c6 13. f4 Be7 14. f5 Qf6 15. Bf4 Qd4+ 16. Kh1 Nf6 17. Rad1 Qc5 18. e5 dxe5 19. Bxe5 {1-0 (27) Stanec,N (2475)-Sulyok,M (2250) Graz 1999}) 12... Bg4 ({Better is} 12... c6 $14) 13. Qe3 Be7 (13... c6 $16) 14. f4 Nh6 $2 (14... Nf6 15. f5 Qh5) 15. f5 $18 Qh5 {[#]} 16. f6 $1 {[%mdl 512]} Bxf6 {[#]} 17. Rxf6 $1 {[%mdl 512]} gxf6 18. Nd5 ({Less strong is} 18. Qxh6 Qxh6 19. Bxh6 c6 $16) 18... Kd8 $2 (18... Qg6 19. Nxc7+ Ke7 20. Nd5+ Ke8 21. Qxh6 Qxh6 22. Bxh6 Be6) 19. Qc3 ({Weaker is} 19. Qxh6 Qxh6 20. Bxh6 Be6 $18) 19... Qe5 20. Qxc7+ {White mates.} Ke8 21. Qc6+ Kf8 22. Bxh6+ {Precision: White = 100%, Black = 19%.} 1-0

[Event "20th Dubai Open 2018"]
[Site "Dubai"]
[Date "2018.04.03"]
[Round "2"]
[White "Chakravarthi Reddy, M."]
[Black "Sidharth Balaji Sridharan"]
[Result "1-0"]
[WhiteElo "2442"]
[BlackElo "1567"]
[Annotator "TA"]
[PlyCount "97"]
[EventDate "2018.??.??"]
[EventType "swiss"]
[EventCountry "UAE"]
[SourceTitle "playchess.com"]
[Source "ChessBase"]
[SourceQuality "1"]

{[%evp 12,97,26,29,35,20,27,19,27,20,20,25,34,20,15,17,21,34,14,-3,33,-43,31,40,61,57,61,61,79,72,64,-6,63,58,45,6,7,6,19,-36,0,0,0,0,0,0,6,6,6,12,63,77,65,51,51,5,7,8,22,22,16,10,19,0,0,-75,-57,-79,-87,-97,-23,-126,-117,-105,123,103,74,78,595,595,529,539,710,532,527,414,29985,29986]} 1. c4 e6 2. d4 d5 3. Nf3 c6 4. Nc3 Nf6 5. Bg5 Nbd7 6. cxd5 cxd5 7. e3 h6 {D51: Queen's Gambit Declined: 4 Bg5 Nbd7 sidelines} (7... Be7 8. Bd3 b6 9. O-O Bb7 10. Qe2 O-O 11. Rfc1 h6 12. Bf4 Nh5 13. Be5 a6 14. h3 Nxe5 15. dxe5 g6 16. Nd4 {0-1 (58) Kramnik,V (2760)-Mamedyarov,S (2757) Sochi 2014}) 8. Bh4 Be7 9. Bd3 a6 {The position is equal.} 10. O-O O-O 11. Ne5 Nxe5 12. dxe5 Nd7 13. Bg3 $146 ({Predecessor:} 13. Bxe7 Qxe7 14. f4 b5 15. Rc1 Bb7 16. Bb1 {1-0 (41) Mieses Hernandez,D (1911)-Mieses Santos,A (1751) Santo Domingo 2017}) 13... b5 14. Rc1 Bb7 15. Bb1 Re8 16. e4 (16. Qg4 $14) 16... Nb6 (16... b4 $15 17. Na4 dxe4) 17. exd5 $14 Nxd5 18. Qd3 g6 19. Ne4 Kg7 {[#]} 20. h4 $1 {[%mdl 512]} h5 (20... Bxh4 21. Nd6) 21. Qd4 {[#]} (21. Qe2 $14) 21... Qb6 (21... Nf4 $1 $11 {[%mdl 512]} 22. Qe3 (22. Bxf4 Qxd4) 22... Bxe4 23. Bxe4 Nd5) 22. Qxb6 Nxb6 23. Rc7 Bxe4 24. Bxe4 Rac8 25. Ra7 (25. Rfc1 $11) 25... Nc4 26. Rd1 $36 {[%mdl 2048] White fights for an advantage.} Bc5 27. Rxa6 Nxb2 28. Rb1 Bd4 29. Bc6 Red8 30. Bxb5 Rd5 (30... Rc5 $11 31. a4 Nc4) 31. Rd6 Bxf2+ 32. Bxf2 Rxb5 33. Bd4 (33. a4 $5 Rbb8 34. Rd4 $11) 33... Rcb8 $1 34. Rd7 Nc4 35. Rf1 Rf8 $1 36. Rc7 Nd2 $1 {[%cal Rd2f1]} 37. Rf2 Ne4 {Strongly threatening ...Rd5.} 38. Rf4 (38. Rf3 $11) 38... Ng3 $1 $17 {[%cal Rg3e2]} 39. Kf2 Nf5 {Hoping for ...Rb4.} 40. Bc3 Rd8 (40... Rb1 $17 41. Ra4 Nh6) 41. Ra4 (41. g4 $11 {remains equal.} hxg4 42. Rxg4) 41... Rb1 $1 42. Raa7 {[#]} Rdd1 $2 (42... Nh6 $1 $17 {stays on course.} 43. a4 Rh1) 43. Rxf7+ $16 Kg8 {[#] ...Rf1+ is the strong threat.} 44. Rfc7 $1 {[%cal Rc7c8]} Rf1+ $2 {[%mdl 8192]} (44... Rd8 $16 {prevents the worst.}) 45. Ke2 $18 {[%cal Rc7c8]} Ng3+ 46. Kd3 Rbd1+ 47. Kc4 {Rg7+ would kill now.} Rf4+ 48. Kb3 Ne4 (48... Rd3 $18 49. Rg7+ Kh8 50. Rh7+ (50. Rxg6 Ne2 $16) 50... Kg8) 49. Rg7+ {Precision: White = 52%, Black = 35%.} 1-0

[Event "20th Dubai Open 2018"]
[Site "Dubai"]
[Date "2018.04.03"]
[Round "2"]
[White "Haria, Ravi"]
[Black "Kryvoruchko, Yuriy"]
[Result "0-1"]
[WhiteElo "2441"]
[BlackElo "2703"]
[Annotator "TA"]
[PlyCount "70"]
[EventDate "2018.??.??"]
[EventType "swiss"]
[EventCountry "UAE"]
[SourceTitle "playchess.com"]
[Source "ChessBase"]
[SourceQuality "1"]

{[%evp 15,70,-27,-44,-57,-45,-53,-61,-72,-70,-65,-63,-87,-86,-108,-103,-122,-104,-127,-137,-127,-105,-264,-251,-225,-149,-225,-225,-204,-197,-239,-225,-235,-213,-219,-207,-239,-212,-326,-327,-331,-324,-279,-218,-358,-378,-371,-364,-334,-362,-514,-192,-1470,-1466,-5801,-5518,-29992,-29993]} 1. Nf3 d5 2. g3 g6 3. Bg2 Bg7 4. d4 c6 5. O-O Nf6 6. c4 dxc4 {D73: Fianchetto Grünfeld: 5 Nf3} (6... O-O 7. b3 Bf5 8. Bb2 Nbd7 9. cxd5 cxd5 10. Nc3 Qb6 11. Rc1 Rfc8 12. e3 Be4 13. Qe2 e6 14. Rfd1 a6 15. Bf1 Bxf3 16. Qxf3 Qd8 {½-½ (42) Wojtaszek,R (2737)-Grischuk,A (2785) Heraklio 2017}) 7. Na3 b5 8. Ne5 Nd5 {LiveBook: 15 Games. Black has an edge.} 9. Bd2 O-O 10. Nc2 $146 ({Find the theoretical novelty and annotate with similar games:} 10. Qc2 a5 11. Rfd1 Bb7 12. Be1 Qd6 13. Nf3 Nd7 14. Nb1 {0-1 (36) Simon,E (2114)-Sadzikowski,D (2496) Heusenstamm 2014}) 10... Bb7 11. e4 Nb6 12. f4 $1 c5 13. d5 e6 14. dxe6 fxe6 15. Qg4 {[#]} Qe7 $1 16. Rad1 Nc6 17. Nxc6 Bxc6 18. Bc3 $2 (18. e5 $17 Bxg2 19. Kxg2) 18... Bxc3 $19 19. bxc3 Rad8 20. Ne3 (20. Rde1 $17 {keeps fighting.}) 20... Rd3 21. Rde1 Bd7 22. e5 Rxc3 23. Be4 Rd3 24. h4 Rd4 25. Qf3 Bc8 26. Bc6 (26. Nc2 $142) 26... b4 27. Ng4 c3 28. h5 Nc4 {[#] aiming for ...Nd2.} 29. Nf6+ (29. hxg6 $142 Nd2 30. Qh1) 29... Rxf6 30. exf6 Qxf6 31. Rf2 Rd2 32. h6 (32. hxg6 {was necessary.} hxg6 33. Qe4) 32... c2 $2 (32... Qd4 33. Re4 Rxf2 34. Qxf2 c2) 33. Bb5 $2 (33. Rxd2 Nxd2 34. Qf2) 33... Qd4 {( -> ...Bb7!)} 34. Bxc4 Bb7 35. Bxe6+ Kf8 {Precision: White = 19%, Black = 78%.} 0-1

[Event "20th Dubai Open 2018"]
[Site "Dubai"]
[Date "2018.04.03"]
[Round "2"]
[White "Sundararajan, Kidambi"]
[Black "Amin, Bassem"]
[Result "1-0"]
[WhiteElo "2436"]
[BlackElo "2700"]
[Annotator "TA"]
[PlyCount "65"]
[EventDate "2018.??.??"]
[EventType "swiss"]
[EventCountry "UAE"]
[SourceTitle "playchess.com"]
[Source "ChessBase"]
[SourceQuality "1"]

{[%evp 23,65,80,101,81,157,156,152,165,152,136,251,243,334,321,307,328,334,270,307,295,411,402,594,546,479,428,479,415,541,542,582,475,927,916,1603,934,896,919,1045,1012,1697,1370,2258,2108]} 1. d4 Nf6 2. c4 g6 3. Nc3 Bg7 4. e4 d6 5. Be2 O-O 6. Bg5 h6 7. Be3 e5 8. d5 Na6 9. Qd2 Nc5 10. f3 {[%cal Bf2f3,Bf3g4][%mdl 32]} a5 11. O-O-O h5 {E73: King's Indian: Averbakh Variation without 6...c5} 12. h4 Nh7 {LiveBook: 5 Games} 13. g4 hxg4 $146 (13... Nf6 $142) ({Predecessor:} 13... f5 14. exf5 gxf5 15. g5 b6 16. Nh3 Ba6 17. f4 {1-0 (36) Anastasian,A (2606)-Abdul,M (2275) Dubai 2000}) 14. fxg4 $16 Nf6 15. Bxc5 $1 dxc5 16. g5 Nh7 (16... Nh5 $16) 17. Nf3 $18 f6 18. h5 Nxg5 {[%cal Bh7g5,Bg5h3,Bh3f4][%mdl 32] If Black can now play ...gxh5 this consolidates a bit.} 19. hxg6 Ra6 20. Rdg1 Nh3 21. Rg3 Nf4 22. Bd1 {[%cal Be2d1,Bd1c2,Bc2e4][%mdl 32]} f5 (22... c6 {is a better defense.} 23. Rh7 cxd5) 23. Qh2 {[%csl Gg6,Gh1][%cal Rh2h7] [#]} Re8 24. Bc2 fxe4 25. Bxe4 Qf6 26. Ng5 {White is clearly winning.} Re7 27. Nh7 Qb6 (27... Qd6 $142 28. Nb5 Qd8) 28. d6 Re6 29. Nd5 {[%cal Bc3d5,Bd5f4,Bf4h5][%mdl 32] [#] Nhf6+! would kill now.} Qxd6 30. Rd1 Bd7 31. Ng5 Rxg6 32. Nxf4 Rh6 33. Nh5 {Precision: White = 81%, Black = 24%.} 1-0

[Event "20th Dubai Open 2018"]
[Site "Dubai"]
[Date "2018.04.03"]
[Round "2"]
[White "Viani Antonio Dcunha"]
[Black "Akopian, Vladimir"]
[Result "1/2-1/2"]
[WhiteElo "2435"]
[BlackElo "2667"]
[Annotator "TA"]
[PlyCount "152"]
[EventDate "2018.??.??"]
[EventType "swiss"]
[EventCountry "UAE"]
[SourceTitle "playchess.com"]
[Source "ChessBase"]
[SourceQuality "1"]

{[%evp 17,152,16,27,0,27,27,30,24,31,18,28,18,28,28,45,5,7,31,126,-2,120,124,153,148,182,183,227,166,155,144,252,250,260,270,252,262,276,275,247,243,237,184,185,184,184,184,185,187,185,181,185,188,182,168,175,167,166,160,188,195,216,201,239,233,225,210,215,99,280,253,272,266,264,270,262,248,358,271,250,248,318,325,316,328,379,351,342,345,596,617,586,570,566,540,439,455,450,214,214,192,154,8,162,8,8,8,8,8,19,8,8,8,8,8,8,8,8,0,0,0,0,0,0,0,0,0,0,0,0,0,0,0,0,0,0,0,0]} 1. e4 c5 2. Nf3 e6 3. d4 cxd4 4. Nxd4 a6 5. c4 Nf6 6. Nc3 Qc7 7. Be2 Bb4 8. Qd3 O-O {B41: Sicilian: Kan Variation: 5 c4} 9. O-O d6 {LiveBook: 10 Games} 10. Be3 Nbd7 (10... Bxc3 $5 11. Qxc3 (11. bxc3 Nbd7 $11) 11... e5 $11) 11. f3 Ne5 12. Qc2 $1 Bd7 13. Rac1 $146 ({Predecessor:} 13. Nd1 Rac8 14. Rc1 h6 {½-½ (65) Kacharava,N (2302)-Pantsulaia,L (2605) Tbilisi 2018}) 13... Rac8 14. a3 Bc5 15. Qd2 Qb8 16. Rfd1 Rfd8 17. Kh1 Be8 ({Black should play} 17... h6 $14) 18. f4 (18. Bg5 $1 $16) 18... Ng6 (18... Nc6 $11) 19. f5 $36 {[%mdl 2048] Keeping Black busy.} e5 20. fxg6 exd4 21. gxh7+ Kh8 22. Bxd4 Bxd4 23. Qxd4 Bc6 (23... Qc7 $16 24. Nd5 Nxd5) 24. Rf1 $1 $18 {[%cal Rf1f6]} Nd7 25. Rxf7 {[%csl Gf7][%cal Rd4g7]} Ne5 26. Rcf1 Rc7 27. Rxc7 Qxc7 28. Rd1 Qe7 29. c5 {[%cal Rc5d6]} Nf7 30. Qc4 Kxh7 31. cxd6 Rxd6 32. Rxd6 Nxd6 33. Qd4 Nf7 34. Kg1 Qg5 35. Qf2 Qc1+ 36. Nd1 Kg8 37. Qd4 Kf8 38. Bc4 Ke8 39. Bb3 Ng5 40. Qe5+ Kd8 41. Qd6+ Ke8 42. e5 (42. Qg6+ $18 {is more deadly.} Kd8 43. Qd6+ (43. Qxg7 Qc5+ 44. Kh1 Nxe4 $16) 43... Ke8 44. Qe5+ Kd8 45. Qd6+ (45. Qxg7 Qc5+ 46. Kh1 Nxe4 $16)) 42... Ne4 $2 (42... Qf4 $16) 43. Qe6+ Kd8 44. Qg8+ $1 Kc7 45. Qxg7+ Kb6 {Threatening ...Qc5+.} 46. Qf8 Nc5 (46... Ka7 {was necessary.} 47. Qf3 Nd2) 47. Qf2 Kc7 48. Bc2 Ne4 49. Qe2 Nd2 50. Qd3 b5 51. h4 Nc4 52. e6 Nxb2 $2 (52... Qf4 {was called for.} 53. h5 Qg4) 53. Qg3+ Kb7 54. Qg7+ Kb6 55. Qxb2 Qd2 {[%csl Gc6][%cal Rd2g2]} 56. Bf5 Qxd1+ 57. Kf2 (57. Kh2 $142) 57... Qd5 58. Bh3 Qc5+ {[#]} 59. Ke2 (59. Ke1 $1 $16 {Threatens to win with Qf2.} Qe3+ 60. Qe2 Qg1+ 61. Kd2 Qd4+ 62. Qd3 Qf2+ 63. Kd1) 59... Qh5+ $2 {[#]} (59... Qc4+ $11 {and Black is okay.} 60. Ke3 Qe4+ 61. Kd2 Qxh4) 60. Ke3 $2 (60. g4 $1 $18 {[%cal Rg4h5]} Qxh4 61. Qd4+ Kc7 62. Qe5+ Kb7 63. Qe3) 60... Qh6+ $11 {The position is equal.} 61. Kd3 {And now Bf5 would win.} Qh7+ 62. Kd2 {aiming for Qf6.} Qh6+ 63. Ke1 {Black must now prevent Qd4+.} Qxh4+ ({Of course not} 63... Qe3+ $6 64. Qe2 $16) 64. Qf2+ Qxf2+ 65. Kxf2 {[%mdl 4096] Endgame g4 is the strong threat. KB-KB} Kc5 66. Ke3 a5 67. Kf4 Kd6 $1 68. Bf5 Bxg2 69. Bd3 b4 70. axb4 axb4 71. Bc4 Bh3 72. Ke4 Bxe6 73. Bxe6 Kxe6 74. Kd4 {[%cal Be4d4,Bd4c3,Bc3b3][%mdl 32]} b3 {( -> ...b2)} 75. Kc3 Kd5 76. Kxb3 Ke5 {Precision: White = 62%, Black = 50%.} 1/2-1/2

[Event "20th Dubai Open 2018"]
[Site "Dubai"]
[Date "2018.04.03"]
[Round "2"]
[White "Tahbaz, Arash"]
[Black "Safarli, Eltaj"]
[Result "1-0"]
[WhiteElo "2434"]
[BlackElo "2653"]
[Annotator "TA"]
[PlyCount "115"]
[EventDate "2018.??.??"]
[EventType "swiss"]
[EventCountry "UAE"]
[SourceTitle "playchess.com"]
[Source "ChessBase"]
[SourceQuality "1"]

{[%evp 17,115,33,26,6,32,32,33,25,44,7,30,12,20,10,11,2,43,32,48,17,77,55,60,61,67,15,56,43,55,26,29,33,124,124,122,103,104,113,139,141,154,89,87,74,81,85,66,58,54,56,57,55,81,60,84,84,75,68,60,59,125,125,125,130,123,134,209,206,192,192,221,135,240,242,293,277,283,269,449,448,486,475,543,489,514,501,471,373,548,536,475,445,661,636,619,595,11881,12457,11881,11881]} 1. d4 Nf6 2. Nf3 g6 3. g3 Bg7 4. Bg2 O-O 5. c4 c5 6. O-O cxd4 7. Nxd4 Nc6 8. Nc3 d6 9. Nxc6 bxc6 {LiveBook: 199 Games} 10. Rb1 {E65: King's Indian: Fianchetto: 6...c5 7 0-0 without d5 by White} (10. Bxc6 Rb8 11. Bg2 Qa5 12. Qd2 Be6 13. b3 Rxb3 14. axb3 Qxa1 15. Nb5 a6 16. Na7 Nd7 17. Nc6 Re8 18. Qb4 Qc3 19. Qxc3 Bxc3 {1-0 (60) Efimenko,Z (2655)-Melkumyan,H (2640) Warsaw 2016}) 10... Bf5 11. e4 Bg4 $146 ({Predecessor:} 11... Be6 12. b3 Nd7 13. Ne2 Ne5 14. Bb2 Qb6 15. Kh1 Rab8 16. Qc2 a5 17. h3 c5 {0-1 (52) Hoghmrtsyan,A (2042)-Karatorossian,D (2252) Yerevan 2016}) 12. Qd2 {White is slightly better.} Qc8 13. Re1 Nd7 14. h3 Be6 15. b3 Nc5 16. Kh2 a5 17. Ba3 Rd8 18. Qe3 Na6 (18... a4 $11 19. Bxc5 Bxc3 20. Qxc3 dxc5) 19. Na4 {And now Nb6 would win.} Qb7 20. Rbd1 Nb4 {Strongly threatening ...Nc2.} 21. Qe2 (21. Re2 $14) 21... Qa7 22. f4 Rab8 23. Bb2 Bxb2 24. Qxb2 Na6 (24... c5 $14) 25. Qd2 $16 Nc5 {With the idea ...Nxa4.} 26. Qe3 Ra8 {Threatening ...Nxa4.} 27. Nc3 $1 Na6 28. Qc1 Qc5 29. g4 (29. f5 $142 Bd7 30. fxg6 hxg6 31. e5 $1 {[%mdl 512]}) 29... f6 30. e5 dxe5 {[#]} 31. Ne4 $1 Rxd1 32. Rxd1 Qb6 33. fxe5 Qc7 $1 34. Qc3 Rf8 35. Kh1 $36 {[%cal Re5f6][%mdl 2048] White has some pressure.} Qxe5 36. Qxe5 fxe5 37. Ng5 Bc8 $1 38. Re1 Nb4 (38... h5 $14) 39. Rxe5 h6 40. Nf3 Nxa2 41. Rxe7 h5 (41... Rf7 $16 {is a better defense.} 42. Rxf7 Kxf7) 42. Ne5 $18 hxg4 43. hxg4 Nb4 44. Nxg6 Rf6 (44... Rf7 $16 45. Re8+ Kg7) 45. Ne5 Re6 46. Rxe6 Bxe6 {[%mdl 4096] Endgame KBN-KBN} 47. Kh2 ({Not} 47. Nxc6 Nxc6 48. Bxc6 Bxg4 $16) 47... Kg7 $2 (47... Na6 {was worth a try.} 48. Nxc6 Bxg4 49. Nxa5 Bd1) 48. Kg3 c5 49. Be4 Bg8 50. Nd7 Na6 51. Bb7 Be6 52. Ne5 ({Less strong is} 52. Bxa6 Bxd7 53. Bb5 Bc8 $18) 52... Nb8 (52... Nb4 {was called for.} 53. Be4 Bf7) 53. Nd3 {White is clearly winning.} Nd7 54. Bc6 Nb6 (54... Nf8 $142 55. Nxc5 Bc8) 55. Nxc5 Bf7 56. Kf4 Nxc4 57. bxc4 Bxc4 58. Nb7 {Precision: White = 72%, Black = 32%.} 1-0

[Event "20th Dubai Open 2018"]
[Site "Dubai"]
[Date "2018.04.03"]
[Round "2"]
[White "Harsha Bharathakoti"]
[Black "Kovalev, Vladislav"]
[Result "1/2-1/2"]
[WhiteElo "2424"]
[BlackElo "2648"]
[Annotator "TA"]
[PlyCount "25"]
[EventDate "2018.??.??"]
[EventType "swiss"]
[EventCountry "UAE"]
[SourceTitle "playchess.com"]
[Source "ChessBase"]
[SourceQuality "1"]

{[%evp 21,25,0,0,0,0,0]} 1. d4 Nf6 2. c4 g6 3. g3 Bg7 4. Bg2 c5 5. Nf3 Qa5+ 6. Bd2 Qb6 7. Nc3 cxd4 {E60: King's Indian: Unusual lines and Fianchetto Variation without Nc3} 8. Na4 Qd6 9. Bf4 Qb4+ $146 10. Bd2 Qd6 11. Bf4 Qb4+ {LiveBook: 10 Games} 12. Bd2 Qd6 13. Bf4 1/2-1/2